000 00857nam a22001217a 4500
040 _cRUA
082 _aLMA VOR 2025 B701 Or.1
100 _aVORNG PITOU, វង ពិទូ
245 _aStudy on the production of land plot plans using hi-target machine measurements and geographic information system (GIS) in bou commune, phnom proek district, battambang province, ការសិក្សាពីការប្លង់ក្បាលដីដោយ​ប្រើការវាស់វែងលើម៉ាស៊ីន HI-Target និងប្រព័ន្ធព័ត៌មានភូមិសាស្រ្ត (GIS) ស្ថិតនៅក្នុងឃុំបួរ ស្រុកភ្នំព្រឹក ខេត្តបាត់ដំបង
260 _aPHNOM PENH
_bRUA
_c2025
300 _axiii,68p.
_bill.
_c29cm.
942 _cLMA
999 _c25766
_d25766